[Event "FRA-chT2"]
[Site "France"]
[Date "2001.10.14"]
[Round "1"]
[White "Achour, Faouzi"]
[Black "Mazet, Julien"]
[Result "1-0"]
[WhiteElo "2086"]
[BlackElo "2206"]
[PlyCount "143"]
[EventDate "2002.??.??"]
[EventType "team"]
[EventRounds "11"]
[EventCountry "FRA"]
[SourceTitle "EXT 2003"]
[Source "ChessBase"]
[SourceDate "2002.11.25"]
[SourceVersion "1"]
[SourceVersionDate "2002.11.25"]
[SourceQuality "1"]

1. e4 c5 2. Nf3 d6 3. d4 cxd4 4. Nxd4 Nf6 5. Nc3 a6 6. Bc4 e6 7. Bb3 b5 8. f3 Qc7 9. Be3 Nc6 10. 0-0 Be7 11. a4 b4 12. Nce2 Na5 13. Ng3 0-0 14. Rc1 Bd7 15. Kh1 Rfc8 16. f4 Nxb3 17. cxb3 Qa5 18. f5 e5 19. Nf3 h6 20. Qd2 Rxc1 21. Rxc1 Rc8 22. Rxc8+ Bxc8 23. Qe1 Bb7 24. Bd2 d5 25. exd5 Qxd5 26. Qxe5 Bd6 27. Qxd5 Bxd5 28. Nd4 Ne4 29. Nxe4 Bxe4 30. Kg1 Be5 31. Be3 Kf8 32. Nf3 Bxb2 33. Bc5+ Ke8 34. Nd2 Bxf5 35. Nc4 Bc2 36. Nxb2 Bxb3 37. Bxb4 f5 38. Kf2 Kf7 39. g3 g5 40. Ke3 Kg6 41. a5 Bd5 42. Nd3 Bg2 43. Ne5+ Kf6 44. Bc3 Ke6 45. Nd3 Bf1 46. Bg7 h5 47. h4 f4+ 48. gxf4 gxh4 49. Ne1 h3 50. Nf3 Bg2 51. Nh2 Kf5 52. Be5 Bc6 53. Kd4 Bg2 54. Kc5 Be4 55. Kd4 Bg2 56. Ke3 Bc6 57. Kf2 Bd7 58. Kg3 Kg6 59. Nf3 Bg4 60. Nh4+ Kh6 61. Bf6 Kh7 62. Bg5 Kg7 63. Bd8 Kf7 64. f5 Ke8 65. Bb6 Ke7 66. Bg1 Kf7 67. Kf4 Kf6 68. Bd4+ Kf7 69. Kg3 Ke7 70. f6+ Kf7 71. Nf3 Kg8 72. Ng5 1-0